000 00303nam a22001337a 4500
008 170505b xxu||||| |||| 00| 0 eng d
020 _a9780198254485
041 _aeng
080 _a34
100 _a14
101 _aSHJ
245 _aPENSIONS EMPLOYMENT AND THE LAW
_cNOBLES.R
942 _2udc
_cBK
999 _c12837
_d12837